000 00535nam a22002057a 4500
001 00028790
005 20260416134944.0
008 260416b ag ||||| |||| 00| 0 spa d
020 _a950150302
040 _aAR-CcCEOS
_bspa
_cAR-CcCEOS
041 _aspa
080 _a929
090 _bPAG
100 1 _aPage, Joseph A.
_91060
245 _aPeron :
_buna biografĂ­a /
_cJoseph A. Page
264 _aBuenos Aires :
_bJavier Vergara,
_cc1984.
300 _a345 p. ;
_c24x15 cm.
655 0 _abiografĂ­a
_9191
942 _2udc
_cBK
_n0
999 _c28827
_d28827